| 000 | 00483nam a2200181 a 4500 | ||
|---|---|---|---|
| 003 | OSt | ||
| 005 | 20140310182409.0 | ||
| 008 | 110325s19uu xx 00 eng d | ||
| 050 |
_aQA 63 _b.B465 2008 |
||
| 082 |
_aFIL 512.9 _bB43 2008 |
||
| 100 | _aBenes, Salita | ||
| 245 |
_aPainless math : _bElementary algebra / _cSalita Benes. |
||
| 260 |
_aPhilippines : _bAnvil, _c2008. |
||
| 300 |
_a117 p. : _bill. ; _c23 cm. |
||
| 650 | _aMathematics | ||
| 942 |
_cBK _2lcc |
||
| 999 |
_c12804 _d12804 |
||